MARC details
| 000 -CABECERA |
| campo de control de longitud fija |
01179cam a2200265 a 4500 |
| 001 - NÚMERO DE CONTROL |
| campo de control |
000007281 |
| 003 - IDENTIFICADOR DEL NÚMERO DE CONTROL |
| campo de control |
DO-SdBNP |
| 005 - FECHA Y HORA DE LA ÚLTIMA TRANSACCIÓN |
| campo de control |
20251027135203.0 |
| 008 - DATOS DE LONGITUD FIJA--INFORMACIÓN GENERAL |
| campo de control de longitud fija |
000920s1999 ve ab s f101 0 spa |
| 020 ## - NÚMERO INTERNACIONAL ESTÁNDAR DEL LIBRO |
| Número Internacional Estándar del Libro |
9800303057 |
| 040 ## - FUENTE DE LA CATALOGACIÓN |
| Centro catalogador/agencia de origen |
DO-SdBNP |
| Lengua de catalogación |
spa |
| Centro/agencia transcriptor |
BNPHU |
| 082 ## - NÚMERO DE LA CLASIFICACIÓN DECIMAL DEWEY |
| Número de clasificación |
338.987 |
| Número de documento/Ítem |
H764m |
| 111 2# - ENTRADA PRINCIPAL--NOMBRE DE CONGRESO/REUNIÓN |
| Nombre de congreso/reunión o jurisdicción como elemento de entrada |
Jornadas Geográficas (Venezuela) |
| Fecha del congreso/reunión |
1998 : |
| Sede del congreso/Lugar de la reunión |
Caracas, Venezuela) |
| 9 (RLIN) |
20207 |
| 245 13 - MENCIÓN DE TÍTULO |
| Título |
El hombre venezolano y el siglo XXI : |
| Resto del título |
memoria de las Jornadas Geográficas /. |
| 260 ## - PUBLICACIÓN, DISTRIBUCIÓN, ETC. |
| Lugar de publicación, distribución, etc. |
Caracas, (Venezuela) : |
| Nombre del editor, distribuidor, etc. |
Comisión Presidencial V Centenario de Venezuela, |
| Fecha de publicación, distribución, etc. |
1999. |
| 300 ## - DESCRIPCIÓN FÍSICA |
| Extensión |
iv, 460 p. : |
| Otras características físicas |
il., mapas ; |
| Dimensiones |
22 cm. |
| 650 #4 - PUNTO DE ACCESO ADICIONAL DE MATERIA--TÉRMINO DE MATERIA |
| Término de materia o nombre geográfico como elemento de entrada |
Desarrollo sostenible |
| Subdivisión geográfica |
Venezuela |
| Subdivisión de forma |
Congresos, conferencias, etc. |
| 9 (RLIN) |
20209 |
| 650 #4 - PUNTO DE ACCESO ADICIONAL DE MATERIA--TÉRMINO DE MATERIA |
| Término de materia o nombre geográfico como elemento de entrada |
Recursos naturales |
| Subdivisión geográfica |
Venezuela |
| Subdivisión de forma |
Congresos, conferencias, etc. |
| 9 (RLIN) |
20210 |
| 650 #4 - PUNTO DE ACCESO ADICIONAL DE MATERIA--TÉRMINO DE MATERIA |
| Término de materia o nombre geográfico como elemento de entrada |
Geografía humana |
| Subdivisión geográfica |
Venezuela |
| Subdivisión de forma |
Congresos, conferencias, et. |
| 9 (RLIN) |
20211 |
| 650 #4 - PUNTO DE ACCESO ADICIONAL DE MATERIA--TÉRMINO DE MATERIA |
| Término de materia o nombre geográfico como elemento de entrada |
Geografía física |
| Subdivisión geográfica |
Venezuela |
| Subdivisión de forma |
Congresos, conferencias, etc. |
| 9 (RLIN) |
20212 |
| 651 #0 - PUNTO DE ACCESO ADICIONAL DE MATERIA--NOMBRE GEOGRÁFICO |
| Nombre geográfico |
Venezuela |
| Subdivisión general |
Condiciones económicas |
| Subdivisión cronológica |
1958- |
| Subdivisión de forma |
Congresos, conferencias, etc. |
| 9 (RLIN) |
26230 |
| 710 2# - PUNTO DE ACCESO ADICIONAL--NOMBRE DE ENTIDAD CORPORATIVA |
| Nombre de entidad corporativa o nombre de jurisdicción como elemento de entrada |
Comision Presidencial V Centenario de Venezuela. |
| 9 (RLIN) |
20213 |
| 910 ## - DATOS DE OPCIÓN DEL USUARIO (OCLC) |
| Datos de opción del usuario |
Catalogación por copia / LC |
| 942 ## - ELEMENTOS DE PUNTO DE ACCESO ADICIONAL (KOHA) |
| Fuente del sistema de clasificación o colocación |
Dewey Decimal Classification |
| Tipo de ítem Koha |
Libro |